[Event "CFriend ETC-S-03 email"]
[Site "Chessfriend.com"]
[Date "2004.11.20"]
[Round "1"]
[White "Schulz, Hans Juergen"]
[Black "Muller, Alexandre"]
[Result "1/2-1/2"]
[WhiteElo "1830"]
[BlackElo "1850"]
[PlyCount "73"]
[EventDate "2004.??.??"]
[EventType "tourn (corr)"]
[EventRounds "8"]
[SourceTitle "Corr 2024"]
[Source "ChessBase"]
[SourceDate "2023.10.19"]
[SourceVersion "1"]
[SourceVersionDate "2023.10.19"]
[SourceQuality "1"]

1. d4 Nf6 2. c4 e6 3. Nf3 c5 4. d5 exd5 5. cxd5 d6 6. Nc3 g6 7. e4 Bg7 8. Nd2 0-0 9. Be2 Nbd7 10. f4 a6 11. a4 Re8 12. 0-0 c4 13. Kh1 Nc5 14. e5 dxe5 15. fxe5 Rxe5 16. Nxc4 Re8 17. Bg5 h6 18. Bh4 Nce4 19. a5 Bf5 20. d6 Re6 21. Bf3 g5 22. Bxe4 Bxe4 23. Bf2 Bc6 24. Rc1 Rc8 25. b3 Bb5 26. Nxb5 axb5 27. Bb6 Qd7 28. Ne3 Rxc1 29. Qxc1 Rxd6 30. Nf5 Rd2 31. Be3 Rd5 32. Nxg7 Kxg7 33. Qa1 Rf5 34. Re1 b4 35. Bd4 Kg6 36. Kg1 Qd5 37. Qb2 1/2-1/2

[Event "CFriend ETC-S-02 email"]
[Site "Chessfriend.com"]
[Date "2004.09.24"]
[Round "1"]
[White "Muller, Alexandre"]
[Black "Kahl, Karl Heinz"]
[Result "1/2-1/2"]
[WhiteElo "1850"]
[BlackElo "1747"]
[PlyCount "50"]
[EventDate "2004.??.??"]
[EventType "tourn (corr)"]
[EventRounds "8"]
[SourceTitle "Corr 2024"]
[Source "ChessBase"]
[SourceDate "2023.10.19"]
[SourceVersion "1"]
[SourceVersionDate "2023.10.19"]
[SourceQuality "1"]

1. e4 e5 2. Nf3 Nc6 3. Bb5 Nf6 4. 0-0 Nxe4 5. d4 Nd6 6. Bxc6 dxc6 7. dxe5 Nf5 8. Qxd8+ Kxd8 9. Nc3 Ke8 10. Rd1 Be6 11. Ng5 Rd8 12. Rxd8+ Kxd8 13. Nxe6+ fxe6 14. Bg5+ Kc8 15. Rd1 Bb4 16. Ne4 h6 17. c3 Ba5 18. g4 Bb6 19. gxf5 exf5 20. Bxh6 Rxh6 21. Ng5 Bc5 22. Nf7 Rg6+ 23. Kf1 Be7 24. h3 c5 25. Ke2 Rb6 1/2-1/2

[Event "CFriend ETC-S-02 email"]
[Site "Chessfriend.com"]
[Date "2004.09.24"]
[Round "1"]
[White "Munkwitz, Wolfgang"]
[Black "Muller, Alexandre"]
[Result "0-1"]
[WhiteElo "1451"]
[BlackElo "1850"]
[PlyCount "62"]
[EventDate "2004.??.??"]
[EventType "tourn (corr)"]
[EventRounds "8"]
[SourceTitle "Corr 2024"]
[Source "ChessBase"]
[SourceDate "2023.10.19"]
[SourceVersion "1"]
[SourceVersionDate "2023.10.19"]
[SourceQuality "1"]

1. d4 Nf6 2. Nf3 d5 3. h3 Bf5 4. e3 e6 5. Bd3 Ne4 6. Nbd2 Nd7 7. 0-0 Bd6 8. Re1 0-0 9. Nxe4 dxe4 10. Bxe4 Bxe4 11. Nd2 Bg6 12. Nf3 Nf6 13. c3 Ne4 14. Nd2 Qh4 15. Qe2 Bh5 16. Nf3 Bxf3 17. Qxf3 Nxf2 18. Qxf2 Bg3 19. Qf3 Bxe1 20. Qxb7 Qf2+ 21. Kh2 Qf1 22. Bd2 Bg3+ 23. Kxg3 Qxa1 24. a3 Qd1 25. c4 Qxd2 26. d5 Rab8 27. Qxa7 Rxb2 28. Qxc7 Qxg2+ 29. Kh4 g5+ 30. Kh5 Qxh3+ 31. Kxg5 f6+ 0-1